| 000 | 00825nam a22001697a 4500 | ||
|---|---|---|---|
| 003 | NUST | ||
| 082 | _a621.382,YOU | ||
| 100 |
_aYousaf, Adnan _929503 |
||
| 245 |
_aUnified threat management system for MCS / _cAdnan Yousaf, Salman Ahmed Saleem and Sibghat ullah |
||
| 260 |
_aRawalpindi _bMCS (NUST) _cJune 2016 |
||
| 300 | _av,27 p.; | ||
| 505 | _aIntroduction (Page-1), Design Justification (Page-5), Code Assembly and Compilation (Page-6), Design and Technical Review (Page-11), Challenges Faced (Page-13), Hardware Part (Page-14), VPN (Page-18), Application (Page-22), Previous work done industry (Page-23), Sequence of events (Page-24), Conclusion (Page-26), References (Page-27). | ||
| 650 |
_aUG Projects _998716 |
||
| 651 |
_aTE-49 _9131595 |
||
| 700 |
_aSupervised by Muhammad Mubashir _9132776 |
||
| 942 |
_2ddc _cPR |
||
| 999 |
_c615824 _d615824 |
||